| 000 | 00803nam a2200217Ia 4500 | ||
|---|---|---|---|
| 008 | 130821s2003 sp gr spa | ||
| 020 | _a978 84 8004 604 6 | ||
| 040 |
_aCo-BoUCM _bspa |
||
| 041 | 0 | 0 | _aspa |
| 100 | 1 |
_aCalvo Hornero, Antonia _9169327 |
|
| 245 | 1 | 0 |
_aIntegración económica y regionalismo principales acuerdos regionales _cAntonia Calvo Hornero |
| 250 | _a3a ed. | ||
| 260 |
_aMadrid (España) _bEditorial Centro de Estudios Ramón Areces _c2003 |
||
| 300 | _a265 páginas | ||
| 504 | _aIncluye bibliografía e índice general. | ||
| 650 |
_aEconomía internacional _97543 |
||
| 650 |
_aRegionalismo _zAmérica Latina _923335 |
||
| 651 |
_aAmérica Latina _xIntegración económica _928921 |
||
| 942 |
_cLIBRO _a7 _e3 _mC169i _2DEWEY _h337.18 |
||
| 999 |
_c75880 _d75880 |
||